000 00853nam a22002057a 4500
005 20240321115958.0
010 _aB-756250-252 ENG-139879
020 _a9789394701632
_c799.00
035 _aB-756250-252
035 _aEN-123411
037 _aBloomsbury Publishing India Pvt. Ltd
082 _a070.4
100 _aMcKane,Anna
_963758
245 _aJournalism A Career Handbook/
_cAnna McKane
260 _aNew Delhi
_bBloomsbury Publishing India Pvt. Ltd
_c2023
270 _aSecond Floor, LSC Building No. 4 DDA Complex Pocket C-6 & 7, Vasant Kunj
_bNew Delhi
_e110070
300 _a218p.
_c21cm(Pbk)
942 _2ddc
_cEN
_h070.4
_mMCK
999 _c199438
_d199438